00870nam a2200205Ia 4500008004100000020001800041082002100059100002300080245007100103250000700174260002400181300001100205500003300216650002700249700004400276952010700320952011000427952011000537999001700647120622s9999 xx 000 0 und d a968-436-058-4 a516.3 A579g 2000 aAnfossi, Agustín aGeometría analítica / Agustín Anfossi, Marco A. Flores Meyer a13 aMéxico : Progreso a255 p. aIncluye índice analítico a1. GEOMETRIA ANALITICA aFlores Meyer, Marco Antonio : coaut.Ì 00104070a01b01d2007-01-25l5o516.3 A579G 2000p01 007224r2016-03-04s2016-03-04w2012-06-24yLB 00104070a01b01d2007-01-25l1o516.3 A579G 2000p01 007225r2015-12-08s2015-12-07t2w2012-06-24yLB 00104070a01b01d2007-01-25l1o516.3 A579G 2000p01 007226r2014-05-09s2014-05-09t3w2012-06-24yLB c54239d54239